Power system control and protection

Saved in:
Bibliografiske detaljer
Main Authors: Russell, B. Don (Author), Council, Marion E (Author)
Format: Bog
Sprog:engelsk
Udgivet: Nueva York Academic Press 1978
Fag:
Tags: Tilføj Tag
Ingen Tags, Vær først til at tagge denne postø!

MARC

LEADER 00000nam a2200000 a 4500
001 UCU5030
003 CL-VaPUC
008 960531e19780000US |||||||||||||||||eng|d
082 0 4 |a 621.319  |b RUS  |2 21 
100 0 |a Russell, B. Don  |e author  |9 362882 
700 0 |a Council, Marion E  |e author  |9 362883 
245 1 0 |a Power system control and protection 
300 |a 290 p 
942 |c BK 
945 |d 19960531 00:00:00  |a cmena 
260 |a Nueva York  |b Academic Press  |c 1978 
650 7 |a SISTEMAS ELECTRICOS  |2 CL-VaPUC  |9 355342 
650 0 |a Electricidad  |9 260222 
650 7 |a GENERADORES ELECTRICOS  |2 CL-VaPUC  |9 362884 
650 0 |a Transformadores eléctricos   |9 263198 
650 7 |a REACTORES  |2 CL-VaPUC  |9 355344 
650 0 |a Motores   |9 334293 
650 7 |a SISTEMAS DE PROTECCION  |2 CL-VaPUC  |9 355345 
650 0 |a Aplicaciones de computadores  |9 260401 
583 |a last modification  |c 19960531 00:00:00  |k Rodrigo Vera 
999 |c 248543  |d 248541 
952 |0 0  |1 0  |4 0  |6 621_319000000000000_RUS_1978  |7 0  |8 A  |9 265232  |a BIBING  |b BIBING  |d 2019-11-19  |i 1668439  |o 621.319 RUS 1978  |p 1668439  |r 2025-01-20  |w 2019-11-19  |y BK  |k EIE